Daily Capital City Riddle #86 - Statistics

General Stats
  • This quiz has been taken 39 times
  • The average score is 33 of 38
Answer Stats
Type Answer % Correct
Correctly Placed Letter A
100%
Found Letter A
100%
Alphabet Letter I
100%
Correctly Placed Letter N
100%
Found Letter N
100%
Found Letter D
97%
Alphabet Letter M
97%
Found Letter O
97%
Found Letter S
97%
Alphabet Letter B
94%
Alphabet Letter E
94%
Alphabet Letter G
94%
Found Letter L
94%
Found Letter R
94%
Alphabet Letter T
94%
Alphabet Letter C
91%
Alphabet Letter H
91%
Alphabet Letter P
91%
Correctly Placed Letter S
91%
Alphabet Letter W
91%
Alphabet Letter K
88%
Alphabet Letter Y
88%
Alphabet Letter J
84%
Found Letter V
84%
Correctly Placed Letter A
81%
Correctly Placed Letter A
81%
Alphabet Letter U
81%
Alphabet Letter F
75%
Alphabet Letter X
75%
Alphabet Letter Z
75%
Correctly Placed Letter L
72%
Alphabet Letter Q
72%
Correctly Placed Letter S
72%
Correctly Placed Letter D
69%
Correctly Placed Letter O
69%
Correctly Placed Letter R
69%
Mystery Capital San Salvador
69%
Correctly Placed Letter V
69%
No matching quizzes found
Score Distribution
Percent of People with Each Score
Percentile by Number Answered
Your Score History
You have not taken this quiz